El arte bizantino /
Guardado en:
| Autor Principal: | |
|---|---|
| Formato: | Libro |
| Publicado: |
Buenos Aires :
Paidós,
1982
|
| Series: | Gramática de los estilos
|
| Materias: | |
| Etiquetas: |
Agregar Etiqueta
Sin Etiquetas, Sea el primero en etiquetar este registro!
|
| LEADER | 00734nam a22002175a 4500 | ||
|---|---|---|---|
| 001 | CEM.cems006519 | ||
| 005 | 20100531090015.0 | ||
| 008 | 130507s1982##################000#0#####d | ||
| 003 | CEMS | ||
| 082 | 0 | 4 | |a 709.02 |
| 100 | 1 | |a Velmans, Tania | |
| 245 | 1 | 0 | |a El arte bizantino / |c Tania Velmans |
| 260 | |a Buenos Aires : |b Paidós, |c 1982 | ||
| 300 | |a 64 p. | ||
| 490 | 0 | |a Gramática de los estilos | |
| 505 | 0 | |a Del arte paleocristiano a la tradición bizantina (siglos IV-VIII) -- Iconoclasia y clasicismo bizantino (Siglos VIII-XII) -- El final de la Edad Media | |
| 653 | |a Arte | ||
| 653 | |a Arte bizantino | ||
| 653 | |a Arte paleocristiano | ||
| 653 | |a Historia del arte | ||
| 859 | |a CEMS |b BIB. CEMS - 11 de abril |h 709.02 |i V546 |p 14770.87 |t Ej.1 | ||
